[Event "FRA-ch U16 Girls"]
[Site "Calvi"]
[Date "2005.04.19"]
[Round "3"]
[White "Bernard, Aline"]
[Black "Llorens, Jenna"]
[Result "0-1"]
[WhiteElo "1720"]
[BlackElo "1810"]
[PlyCount "128"]
[EventDate "2005.04.??"]
[EventType "swiss"]
[EventRounds "9"]
[EventCountry "FRA"]
[SourceTitle "EXT 2006"]
[Source "ChessBase"]
[SourceDate "2005.11.24"]
[SourceVersion "1"]
[SourceVersionDate "2005.11.24"]
[SourceQuality "1"]

1. e4 c5 2. Nf3 d6 3. d4 cxd4 4. Nxd4 Nf6 5. Nc3 g6 6. f3 Bg7 7. Be3 Nc6 8. Qd2 0-0 9. Be2 Bd7 10. 0-0 a6 11. f4 b5 12. a3 Qc7 13. f5 Ne5 14. fxg6 fxg6 15. Nf3 Nc4 16. Bxc4+ Qxc4 17. Bh6 Bc6 18. Bxg7 Kxg7 19. Rae1 Nxe4 20. Nxe4 Bxe4 21. Qd4+ Qxd4+ 22. Nxd4 Rxf1+ 23. Kxf1 d5 24. Re2 Rc8 25. Rf2 e5 26. Ne6+ Kg8 27. Ng5 Bf5 28. Rd2 Rd8 29. Nf3 e4 30. Nd4 Kf7 31. Ke2 Kf6 32. Ke3 Rc8 33. c3 Ke5 34. h3 h5 35. h4 Rc7 36. g3 Rf7 37. Nc6+ Kd6 38. Nd4 Be6 39. Rd1 Bg4 40. Rd2 Rf1 41. Nb3 Rf3+ 42. Kd4 Rxg3 43. Nc5 e3 44. Rc2 Bd1 45. Rh2 Rg1 46. Nd3 e2 47. Rf2 Rf1 48. Rg2 Rf6 49. Ke3 Re6+ 50. Kd2 Kc6 51. Ke1 Rf6 52. Rxg6 Rxg6 53. Ne5+ Kc5 54. Nxg6 d4 55. cxd4+ Kxd4 56. Nf4 Kc4 57. Nxh5 Kb3 58. Nf6 Kxb2 59. h5 Kxa3 60. h6 Bc2 61. Kxe2 b4 62. h7 Bxh7 63. Nxh7 b3 64. Kd2 b2 0-1

[Event "France-ch U14 Girls"]
[Site "Reims"]
[Date "2004.04.25"]
[Round "9"]
[White "Genzling, Sylvie"]
[Black "Llorens, Jenna"]
[Result "1/2-1/2"]
[WhiteElo "1760"]
[BlackElo "1650"]
[PlyCount "100"]
[EventDate "2004.04.??"]
[EventType "swiss"]
[EventRounds "9"]
[EventCountry "FRA"]
[SourceTitle "EXT 2005"]
[Source "ChessBase"]
[SourceDate "2004.11.15"]
[SourceVersion "1"]
[SourceVersionDate "2004.11.15"]
[SourceQuality "1"]

1. e4 c5 2. Nf3 Nc6 3. d4 cxd4 4. Nxd4 e5 5. Nb5 a6 6. N5a3 Nf6 7. Bg5 h6 8. Bxf6 Qxf6 9. Nc4 Bc5 10. Qd2 Qg6 11. Nc3 Bd4 12. Ne2 b5 13. Nxd4 Nxd4 14. Nd6+ Qxd6 15. c3 Qg6 16. cxd4 Qxe4+ 17. Qe3 Qxe3+ 18. fxe3 d6 19. Rc1 Kd7 20. g3 Bb7 21. Bh3+ Kd8 22. Rf1 f6 23. dxe5 dxe5 24. Rd1+ Ke8 25. Rf2 Bc8 26. Bg2 Ra7 27. Bc6+ Ke7 28. Rfd2 Bg4 29. Rc1 Rd8 30. Bd5 Be6 31. e4 Rad7 32. Rc6 Bxd5 33. exd5 Rxd5 34. Rxd5 Rxd5 35. Rxa6 Rd6 36. Ra5 Rb6 37. Ra7+ Kf8 38. b4 f5 39. Ke2 f4 40. gxf4 exf4 41. Kf3 g5 42. h4 Ke8 43. hxg5 hxg5 44. Rg7 Ra6 45. Rxg5 Rxa2 46. Rxb5 Ra8 47. Kxf4 Kd7 48. Ke4 Kc6 49. Rc5+ Kb6 50. Kd4 Ra4 1/2-1/2

[Event "FRA-ch U12 Girls"]
[Site "Hyeres"]
[Date "2002.??.??"]
[Round "3.10"]
[White "Daiber, Marjorie"]
[Black "Llorens, Jenna"]
[Result "0-1"]
[WhiteElo "1340"]
[BlackElo "1760"]
[PlyCount "96"]
[EventDate "2002.04.05"]
[EventType "swiss"]
[EventRounds "9"]
[EventCountry "FRA"]
[SourceTitle "EXT 2003"]
[Source "ChessBase"]
[SourceDate "2002.11.25"]
[SourceVersion "1"]
[SourceVersionDate "2002.11.25"]
[SourceQuality "1"]

1. e4 c5 2. Nf3 e6 3. d4 cxd4 4. Nxd4 Nf6 5. Nc3 d6 6. Bd3 a6 7. Bg5 Be7 8. Bxf6 Bxf6 9. Nf3 Nc6 10. 0-0 b5 11. Re1 0-0 12. a4 b4 13. Nb1 Bxb2 14. Ra2 Bf6 15. Nbd2 Bb7 16. Nc4 Qc7 17. Qd2 Bc3 18. Qe2 Bxe1 19. Qxe1 Rfd8 20. e5 dxe5 21. Ncxe5 a5 22. Nxc6 Bxc6 23. Qe2 Bd5 24. Rb2 Qc3 25. Rb1 Rac8 26. h3 Rc5 27. Rc1 Qf6 28. Be4 Bxe4 29. Qxe4 Qb2 30. Qe3 Rxc2 31. Rxc2 Qxc2 32. Qb6 Qd1+ 33. Kh2 Qd6+ 34. Qxd6 Rxd6 35. Ne5 b3 36. Nc4 Rb6 37. Kg1 b2 38. Nxb2 Rxb2 39. f3 Ra2 40. Kh2 Rxa4 41. g4 Rd4 42. Kg3 a4 43. f4 a3 44. g5 a2 45. h4 a1Q 46. Kg4 Qg1+ 47. Kh5 Rxf4 48. g6 Qxg6# 0-1